000 01066naa a22003137a 4500
001 BR8305860
003 BR-BrBNA
005 20240918175358.0
007 ta
008 230509b bl.||||| |||| 00| 0 por d
040 _aBR-BrBNA
_bpor
_cBiblioteca Nacional de Agricultura
041 _a(Pt)
072 _aF01
_b2480
_bG514
090 _aF01 BR8305860
100 1 _aBorges, J.R.
100 1 _aLeite, M.F.A.
111 1 _a1. Seminario Agropecuario do Acre
_cRio Branco, AC (Brazil)
_d13-17 Jun 1983
245 1 _aImportancia do proborzinho para a heveicultura acreana [Brasil]
260 3 _aRio Branco, AC (Brasil):
_c1983.
500 _aAnais do 1. Seminario Agropecuario do Acre Rio Branco, AC (Brasil): 1983. p. 175-179 (BR8305860-AM)F01
650 _aHEVEICULTURA
650 _aSERINGUEIRA
650 _aPRODUCAO VEGETAL
650 _aBORRACHA
650 _aACRE
773 0 _tAnais do 1. Seminario Agropecuario do Acre
_wF01 BR8305860
_gRio Branco, AC (Brasil), 1983. p. 175-179
909 _a202404
_bLucia
_c55
_dLucia Elande
942 _cAM
_2AGRIS
999 _c316395
_d316395